| 000 | 00750nam a22002052 4500 | ||
|---|---|---|---|
| 001 | 0000012599 | ||
| 005 | 20151217152109.0 | ||
| 008 | 090222s xx 000 0 eng d | ||
| 040 |
_aKABU _cKABU |
||
| 110 | 2 |
_aEuropean Forest Institute. _bCertification Information Service (CIS) _@0000169469 |
|
| 245 | 1 | 0 |
_aCertification Information Service sourcebook / _cCIS. |
| 250 | _aUpdated ed. | ||
| 260 |
_aTorikatu, Finland : _bCIS, _c1999. |
||
| 300 | _a1 v. (various pagings) ; | ||
| 650 | 0 |
_aForest products _xCertification _xHandbooks, manuals, etc. _@0000169470 |
|
| 650 | 0 |
_aForest management _xStandards _xHandbooks, manuals, etc. _@0000169471 |
|
| 852 | 1 | _9p500 KES | |
| 908 | _a090222 | ||
| 950 | _@1 | ||
| 999 |
_c8240 _d8240 |
||